| History - American History | 1 | 20.00 | 100% | 100% | 0% |
| History - European History | 1 | 10.00 | 100% | 0% | 0% |
| History - Other History | 1 | 10.00 | 100% | 0% | 0% |
| Literature - World Literature | 1 | 10.00 | 100% | 0% | 0% |
| Religion | 1 | 20.00 | 100% | 100% | 0% |
| Science - Chemistry | 1 | 10.00 | 100% | 0% | 0% |
| Science - Other Science | 1 | 20.00 | 100% | 100% | 0% |
| Social Science | 1 | 20.00 | 100% | 100% | 0% |
| Fine Arts - Auditory Fine Arts | 4 | 22.50 | 100% | 75% | 50% |
| Fine Arts - Other Fine Arts | 5 | 18.00 | 100% | 60% | 20% |
| Fine Arts - Visual Fine Arts | 4 | 12.50 | 100% | 25% | 0% |
| History - American History | 3 | 13.33 | 100% | 33% | 0% |
| History - European History | 3 | 20.00 | 100% | 67% | 33% |
| History - Other History | 5 | 10.00 | 80% | 0% | 20% |
| History - World History | 4 | 12.50 | 100% | 25% | 0% |
| Literature - American Literature | 7 | 15.71 | 100% | 57% | 0% |
| Literature - British Literature | 4 | 15.00 | 100% | 50% | 0% |
| Literature - European Literature | 6 | 16.67 | 100% | 67% | 0% |
| Literature - World Literature | 6 | 16.67 | 100% | 50% | 17% |
| Mythology | 3 | 13.33 | 67% | 67% | 0% |
| Philosophy | 3 | 20.00 | 100% | 100% | 0% |
| Pop Culture | 1 | 10.00 | 100% | 0% | 0% |
| Religion | 4 | 15.00 | 100% | 25% | 25% |
| Science - Biology | 2 | 15.00 | 100% | 50% | 0% |
| Science - Chemistry | 4 | 12.50 | 100% | 25% | 0% |
| Science - Other Science | 4 | 25.00 | 100% | 100% | 50% |
| Science - Physics | 4 | 25.00 | 100% | 100% | 50% |
| Social Science | 5 | 14.00 | 100% | 20% | 20% |